00375pab a2200133 454500008004000000100002500040245007400065260000900139300001000148362000800158650001400166650001800180773004300198180718b2002 xxu||||| |||| 00| 0 eng d aGupta, Harish et al. aAir pollution modeling: a tool for management of regional air quality c2002 ap.1-7 aJan aPollution aAir pollution aIndian Journal of Environmental Health